| 000 | 00431nam a22001577a 4500 | ||
|---|---|---|---|
| 005 | 20240226050352.0 | ||
| 008 | 240226b |||||||| |||| 00| 0 eng d | ||
| 020 | _a9558093009 | ||
| 082 |
_222 _a322.4 _bROH. |
||
| 100 | _aGunaratna, Rohan. | ||
| 245 |
_aSri Lanka's Ethnic crisis & National Security : _cRohan Gunaratna. |
||
| 260 |
_aColombo : _bVijitha Yapa Bookshop / _c1998. |
||
| 300 | _a416 p., | ||
| 650 | _aPeace. | ||
| 942 | _cL | ||
| 999 |
_c487 _d487 |
||